| 000 | 00982nam1a22002291i 4500 | ||
|---|---|---|---|
| 001 | rc\3766338 | ||
| 005 | 20240726081037.0 | ||
| 035 | _a(NLR Aleph) 007223927 | ||
| 090 |
_a7706268 _c7706268 |
||
| 100 | _a20120127g1975 |||y0rusy50 ca | ||
| 101 | 0 | _arus | |
| 102 | _aRU | ||
| 105 | _a z ||||| | ||
| 200 | 1 |
_aСпециальные режимы преобразователей _eКонспект лекций для студентов IV курса (специальность 0612) фак. электронной техники дневного отд-ния _fА.Н. Абрамов _gНовосиб. электротехн. ин-т |
|
| 210 |
_aНовосибирск _cНЭТИ _d1975- |
||
| 215 | _d20 | ||
| 606 |
_aПреобразователи вентильные _xРежим работы _2psbo |
||
| 700 | 1 |
_aАбрамов _bА.Н. _gАнатолий Николаевич |
|
| 801 | 0 |
_aRU _bNLR _gpsbo |
|
| 801 | 1 |
_aRU _bELAR _2rusmarc |
|
| 852 |
_aNLR _j76-4/22111 |
||
| 942 | _cBOOK | ||